Dodatok ku dizertačnej práci Metódy komplexného hodnotenia akosti zdravotníckej techniky

Enregistré dans:
Détails bibliographiques
Auteur principal: Miklovič, Jozef
Collectivité auteur: Vysoká škola ekonomická v Bratislave
Autres auteurs: Repka, Ján
Format: Livre
Langue:slovaque
Publié: Bratislava 1990
Sujets:
Tags: Ajouter un tag
Pas de tags, Soyez le premier à ajouter un tag!

MARC

LEADER 00000nam a2200000 4500
001 c002704
005 20240417123438.8
041 0 |a slo 
044 |a SK 
245 1 0 |a Dodatok ku dizertačnej práci Metódy komplexného hodnotenia akosti zdravotníckej techniky  |c Jozef Miklovič ; Škol. Ján Repka 
264 1 |a Bratislava  |c 1990 
300 |a 31 s. 
610 2 0 |a kvalita výrobkov 
610 2 0 |a kvalimetria 
610 2 0 |a riadenie kvality 
610 2 0 |a technika zdravotnícka 
610 2 0 |a technológie nové 
610 2 0 |a normy 
610 2 0 |a certifikácia 
100 1 |a Miklovič, Jozef 
700 1 |a Repka, Ján 
710 2 |a Vysoká škola ekonomická v Bratislave